| 000 | 00361 a2200133 4500 | ||
|---|---|---|---|
| 001 | 60106 | ||
| 082 |
_a658.5752 ULR _bUlrich, Karl T. |
||
| 090 |
_c36892 _d36892 |
||
| 245 |
_aProduct Design and Development, 4/e _cKarl T Ulrich |
||
| 250 | _a4 | ||
| 260 |
_aNY _bMcGraw-Hill _c2008 |
||
| 300 |
_axvi, 368 p. _borigional copy |
||
| 500 | _aBE textbook IE dept | ||
| 942 |
_aNUST CAE _k658.5752 ULR |
||
| 999 |
_c295179 _d295179 |
||